000 00450nam a2200157 i 4500
001 129154
003 ES-MaACL
005 20230906193440.0
007 t|
008 070607s1949 sp ||||1| spa d
100 1 _aTemprano Azcona, Reinaldo.
_9109679
245 1 3 _aEl teatro en quiebra? /
_cReinaldo Temprano Azcona.
260 _aValladolid :
_bAstrea,
_c[1949]
300 _aXIV., 15-158 p. ;
_c24 cm.
852 _aES-MaACL
_j1893-F-15
_bR.27036
999 _c129154
_d129154